Statistics for First Names of Female Singers

Click here to take the quiz!

General Stats

  • This quiz has been taken 44,068 times
  • The average score is 19 of 24

Answer Stats

First NameLast Name% Correct
TaylorSwift
99%
BritneySpears
98%
MileyCyrus
97%
KatyPerry
95%
WhitneyHouston
94%
AmyWinehouse
93%
CelineDion
93%
ArianaGrande
91%
DemiLovato
91%
SelenaGomez
90%
AliciaKeys
88%
MariahCarey
84%
DollyParton
83%
TinaTurner
82%
BarbraStreisand
80%
ArethaFranklin
76%
ShaniaTwain
67%
DianaRoss
66%
JanisJoplin
66%
AlanisMorissette
61%
StevieNicks
59%
NatalieImbruglia
48%
NinaSimone
41%
LindaRonstadt
34%

Score Distribution

Percentile by Number Answered

Percent of People with Each Score

Your Score History

You have not taken this quiz